| 000 | 00754nam a2200277Ia 4500 | ||
|---|---|---|---|
| 001 | Para_5417 | ||
| 003 | CHAP | ||
| 008 | 220125s1926 xx 000 0 und d | ||
| 010 | _a203933 | ||
| 040 | _cCHAP | ||
| 090 | _aPA FOLLETO 2758 | ||
| 100 |
_aBack, E. A. _99300 |
||
| 245 |
_aThe cadelle / _c by E. A. Back and R. T. Cotton |
||
| 260 |
_aWashington : _b Department of Agriculture |
||
| 300 | _a42 p. | ||
| 440 |
_aEUA. Dep. of. Agri. Bull.; 1428 _9169940 |
||
| 650 |
_aTenebroides mauritanicus _9112249 |
||
| 700 |
_aCotton, R. T. _9168275 |
||
| 901 | _aPA FOLLETO 2758 | ||
| 902 | _aA | ||
| 905 | _a0000001926 WAS 0000000000 00 | ||
| 910 | _a1926 | ||
| 942 | _cPARA | ||
| 942 |
_cPARA _d1 |
||
| 999 |
_c203933 _d203933 |
||